| LEADER |
00955nam0a2200193 450 |
| 001 |
16848106 |
| 010 |
|
|
|a 979-10-329-2802-8
|b br.
|d 19
|
| 100 |
|
|
|a 20221207d2023 u u0frey01 ba
|
| 101 |
0 |
|
|a fre
|
| 102 |
|
|
|a FR
|
| 200 |
0 |
|
|a Juste une petite gifle
|e violence dans le couple
|f Marlène Schiappa
|
| 207 |
|
1 |
|a
|
| 210 |
|
|
|a Paris
|c Editions de l'Observatoire
|d 2023
|
| 215 |
|
|
|a 1 vol. (208 p.)
|d 22 x 14 cm
|
| 330 |
|
|
|a Afin de poursuivre les efforts de considération politique des violences conjugales, peu importe leurs formes et leurs origines, Marlène Schiappa a entrepris pendant dix ans des recherches sur les féminicides, constamment remis en question. Elle apporte un témoignage à travers son regard de ministre et de femme. Electre 2023
|
| 700 |
|
0 |
|a Schiappa
|b Marlène
|4 70
|
| 900 |
|
|
|a Documentaire
|
| 901 |
|
|
|a Accessible au prêt
|
| 995 |
|
|
|a Bibliothèque
|c Bibliothèque
|f 00156012861795
|h 00156012861795
|k 364.15 SCH
|o p
|q a
|r az
|e Bibliothèque
|